Tukaram Shishya Sant Bahinabai (Record no. 367898)

MARC details
000 -LEADER
fixed length control field 00439nam a2200169 4500
005 - DATE AND TIME OF LATEST TRANSACTION
control field 20251009114209.0
008 - FIXED-LENGTH DATA ELEMENTS--GENERAL INFORMATION
fixed length control field 250930b |||||||| |||| 00| 0 eng d
041 ## - LANGUAGE CODE
Language code of text/sound track or separate title Marathi
082 ## - DEWEY DECIMAL CLASSIFICATION NUMBER
Classification number 891.46
Item number MEH
100 ## - MAIN ENTRY--PERSONAL NAME
Author Mehendale Vasudha
245 ## - TITLE STATEMENT
Title Tukaram Shishya Sant Bahinabai
260 ## - PUBLICATION, DISTRIBUTION, ETC.
Place of publication, distribution, etc. Pune
Name of publisher, distributor, etc. Bharatiya Vichar Sadhana Pune Prakashan
Date of publication, distribution, etc. 2017
300 ## - PHYSICAL DESCRIPTION
Extent 88
365 ## - TRADE PRICE
Price amount 73.50
Currency code Rs.00
650 ## - SUBJECT ADDED ENTRY--TOPICAL TERM
Topical term or geographic name entry element General
942 ## - ADDED ENTRY ELEMENTS (KOHA)
Koha item type Books
Holdings
Withdrawn status Lost status Source of classification or shelving scheme Damaged status Not for loan Home library Current library Date acquired Vendor Net Price Total Checkouts Full call number Barcode Date last seen Discount Actual Price Koha item type
    Dewey Decimal Classification     School of Fashion Technology School of Fashion Technology 18/08/2025 Bhartiya Vichar Sadhana Foundation 73.50   891.46 MEH SOFT-BK-4554 30/09/2025 30% 105.00 Books